Länder Flagge + Umriss Quiz #2 - Statistiken

Allgemein
  • Dieses Quiz wurde 30.583 mal gespielt
  • Das Durchschnittsergebnis liegt bei 12 aus 16
Antwortstatistiken
Bildquiz Antwort % Korrekt
Ukraine
99%
Vereinigte Staaten
99%
Australien
98%
Argentinien
96%
Norwegen
93%
Tschechien
92%
Südafrika
91%
Pakistan
81%
Libanon
78%
Montenegro
70%
Senegal
69%
Nepal
61%
Demokratische Republik Kongo
59%
Barbados
53%
Gabun
47%
Samoa
31%
Keine übereinstimmenden Quizze gefunden
Verteilung der Resultate
Anzahl Personen mit jedem Resultat
Perzentil nach korrekt beantworteten Fragen
Ihre Resultats-Entwicklung
Sie haben dieses Quiz noch nicht gespielt